Fr. Conceicao Rodrigues College of Engineering

Kinematics & Linkage Design (Record no. 24486)

MARC details
000 -LEADER
fixed length control field 00280nam a2200121Ia 4500
100 ## - MAIN ENTRY--PERSONAL NAME
Personal name Hall & Stevens
245 ## - TITLE STATEMENT
Title Kinematics & Linkage Design
260 ## - PUBLICATION, DISTRIBUTION, ETC.
Name of publisher, distributor, etc. Prentice Hall of India
Place of publication, distribution, etc. NewDelhi
Date of publication, distribution, etc. 1964
300 ## - PHYSICAL DESCRIPTION
Extent 162
546 ## - LANGUAGE NOTE
Language note ENGLISH
654 ## - SUBJECT ADDED ENTRY--FACETED TOPICAL TERMS
Focus term Linkage Design
942 ## - ADDED ENTRY ELEMENTS (KOHA)
Koha item type BOOK
Holdings
Withdrawn status Lost status Damaged status Not for loan Collection Home library Current library Date acquired Cost, normal purchase price Total Checkouts Full call number Barcode Date last seen Cost, replacement price Price effective from Koha item type
        AFT Fr. Agnel's C.Rodrigues College of Engineering Fr. Agnel's C.Rodrigues College of Engineering 17/03/2023 9.60   AFT1182 17/03/2023 9.60 17/03/2023 BOOK